000 00213 a2200097 4500
001 9599
100 _aDuke, Elder, S
245 _aDiseases of the Eye.
260 _a
_bJ & A Churchill Ltd
_c
090 _c7639
_d7639
942 _aNUST-CAE
_cM
_c34310
999 _c244672
_d244672